Desigualdad y política redistributiva : (Registro nro. 8576)

Detalles MARC
000 -LEADER
fixed length control field 01059nam a2200265Ia 4500
003 - CONTROL NUMBER IDENTIFIER
control field OSt
005 - DATE AND TIME OF LATEST TRANSACTION
control field 20210921112452.0
008 - FIXED-LENGTH DATA ELEMENTS--GENERAL INFORMATION
fixed length control field 210310t1988 sp ad fr 000 0 spa d
020 ## - INTERNATIONAL STANDARD BOOK NUMBER
International Standard Book Number 8475306462
040 ## - CATALOGING SOURCE
Original cataloging agency CO-JMCR
Transcribing agency CO-JMCR
041 1# - LANGUAGE CODE
Language code of text/sound track or separate title spa
Language code of original eng
082 04 - DEWEY DECIMAL CLASSIFICATION NUMBER
Classification number 338.91 /
Item number L742d
Edition number 23
100 1# - MAIN ENTRY--PERSONAL NAME
Personal name Lindbeck, Assar,
9 (RLIN) 17674
Relator term autor
245 10 - TITLE STATEMENT
Title Desigualdad y política redistributiva :
Remainder of title comportamiento político y economía política /
Statement of responsibility, etc. Assar Lindbeck ; traducción de Antoni Casahuga Vinardell
260 ## - PUBLICATION, DISTRIBUTION, ETC.
Place of publication, distribution, etc. Barcelona :
Name of publisher, distributor, etc. Ediciones Orbis,
Date of publication, distribution, etc. ©1988
300 ## - PHYSICAL DESCRIPTION
Extent 235 páginas :
Other physical details ilustraciones y gráficas a blanco y negro ;
Dimensions 20 cm.
490 0# - SERIES STATEMENT
Series statement Biblioteca de Economía
500 ## - GENERAL NOTE
General note Incluye notas a pie de página.
504 ## - BIBLIOGRAPHY, ETC. NOTE
Bibliography, etc. note Bibliografía: páginas 227-230
505 0# - FORMATTED CONTENTS NOTE
Formatted contents note Desigualdades y política redistributiva -- Comportamiento político y política económica
650 14 - SUBJECT ADDED ENTRY--TOPICAL TERM
Topical term or geographic name entry element Política económica
9 (RLIN) 17676
651 #4 - SUBJECT ADDED ENTRY--GEOGRAPHIC NAME
Geographic name Suecia
General subdivision Política económica
9 (RLIN) 40662
700 1# - ADDED ENTRY--PERSONAL NAME
Personal name Casahuga Vinardell, Antoni,
Relator term traductor
9 (RLIN) 40663
942 ## - ADDED ENTRY ELEMENTS (KOHA)
Source of classification or shelving scheme Dewey Decimal Classification
Koha item type Books
Existencias
Withdrawn status Lost status Source of classification or shelving scheme Damaged status Not for loan Collection code Home library Current library Date acquired Source of acquisition Full call number Barcode Date last seen Copy number Koha item type
    Dewey Decimal Classification     Non-fiction Biblioteca Pública José María del Castillo y Rada Biblioteca Pública José María del Castillo y Rada 04/15/2018 Donación 338.91 / L742d 430006250 05/16/2024 Ej.1 Books